00421nam a2200133Ia 4500008004100000100001700041245004500058245003200103260004000135260000900175300003200184440006200216650000900278190813s9999 xx 000 0 und d aTrent, Allen aWe are wyoming: an arts integrated unit/ cAllen Trent and Peter Moran bPublisher's Development Corporation c2018 aPages 28-29, September 2018 aArts and Activities: Make a Fresh Start with Artsv164: 1 aArts